000 00380nam a22001457a 4500
999 _c27635
_d27635
008 250213b ||||| |||| 00| 0 eng d
020 _a0091206901
082 0 0 _a823.91
_bW5821
100 _95749
_aWhite, James Dillon
245 1 0 _aThe Leipzig affair
_cJames Dillon White
260 _aLondon:
_bHutchinson,
_c1974.
300 _a224 p.
650 0 _aEnglish fiction
942 _cBK